Statistiques concernant Tous les cantons de Vendée (85)

Cliquez ici pour prendre le quiz!

Statistiques générales

  • Ce quiz a été pris 31 fois
  • Le résultat moyen est 11 sur 17

Réponses sur la Carte

Les réponses sont colorées sur une échelle allant du rouge au vert en fonction du pourcentage des utilisateurs qui les ont devinées à leur premier essai. Vous pouvez retrouver ces pourcentages ci-dessous.
 

Statistiques - réponses

Canton% Correct
La Roche-sur-Yon-1
100%
La Roche-sur-Yon-2
100%
Les Sables-d'Olonne
94%
Challans
82%
Montaigu-Vendée
82%
Fontenay-le-Comte
71%
Les Herbiers
71%
Luçon
71%
Saint-Hilaire-de-Riez
65%
Saint-Jean-de-Monts
59%
Talmont-Saint-Hilaire
59%
L'Île-d'Yeu
53%
Chantonnay
47%
Aizenay
35%
La Châtaigneraie
35%
Mortagne-sur-Sèvre
35%
Mareuil-sur-Lay-Dissais
29%

Distribution des résultats

Percentile par nombre de réponses

% des personnes avec chaque résultat

Votre développement - résultats

Vous n’avez pas pris ce quiz